00648 2200229 4500001002100000005001500021035002000036007000300056008004100059020002200100082000800122084001200130100004100142245008800183260003300271300002900304650003700333700001700370700000900387990001100396990001100407INLIS00000000000320420190220102719 a0010-0219000146ta190220 g 0 ind  a978-602-9434-59-0 a510 a510 BUK0 aBUKU, Pintar Rumus Super Lengkap SMK1 aBuku Pintar Rumus Super Lengkap SMK :b(Rumpun Teknik) /cTim Penulis; editor, Qoni aYogyakarta :bFamilia,c2017 a536 hlm :bilus ;c19 cm aILMU PENGETAHUAN ALAM.MATEMATIKA0 aTIM, Penulis0 aQONI a6531 a a6531 b